000 01054nam a22002897a 4500
001 7313
003 FISKH
005 20250826140101.0
008 250709b cb ||||| |||| 00| 0 eng d
020 _a9781592499953
040 _aFISKH
_beng
_cFISKH
_dFISKH
050 _aML3928.S39
082 _a780.3
100 _aSchwaeber, Barbie Heit
245 _aAlphabet of music /
_cby Barbie Heit Schwaeber ; Illustrated by Jorge Santillan and Debbie Clark
260 _aWashington :
_bSound Prints,
_c2008.
300 _a44 unnumbered pages :
_bcolor illustrations ;
_c26 cm
505 _aG
520 _aFrom banjo to encore to tempo to waltz, this title shines a sportlight on musical instruments, rhythms, terms and styles all in one beautifully illustrated, rhyming alphabet book.
521 8 _a400
_bLexile estimate
521 8 _aG
_bRaz-Plus
650 _aInstruments
_vMusic
_xStory
_yVocabulary
700 _aSantillan, Jorge
_eillustrator
700 _aClark, Debbie
_eillustrator
942 _2ddc
_cBK
_n0
999 _c7313
_d7313